Chapman Library

The practice of public relations (Record no. 674)

000 -LEADER
fixed length control field 00372nam a22001337a 4500
020 ## - INTERNATIONAL STANDARD BOOK NUMBER
ISBN 0132038625
050 ## - LIBRARY OF CONGRESS CALL NUMBER
Classification number HD59
100 ## - MAIN ENTRY--AUTHOR NAME
Personal name Seitel, Fraser P.
245 ## - TITLE STATEMENT
Title The practice of public relations
250 ## - EDITION STATEMENT
Edition statement 10th ed
260 ## - PUBLICATION, DISTRIBUTION, ETC. (IMPRINT)
Place of publication Upper Saddle River, NJ
Name of publisher Pearson/Prentice Hall
Year of publication 2007
300 ## - PHYSICAL DESCRIPTION
Number of Pages xxix, 442p.:ill.,includes bibliographical references and index
942 ## - ADDED ENTRY ELEMENTS (KOHA)
Koha item type Books
Holdings
Koha item type Collection code Shelving location Accession Number Permanent Location Current Location Date acquired Full call number
BooksReferenceReference1301Chapman LibraryChapman Library2016-04-27HD56sei
BooksReferenceReference1302Chapman LibraryChapman Library2016-04-27HD56sei


CSUC Chapman Library is a Koha Automated Library.


Contact us: library@csuc.edu.gh.